=LDR 00000nam 2200000 4500 =001 NUTBA000000000002746 =005 20250422103345 =035 ##$$a 0010-061400000000689 =008 250422################g##########0#ind## =020 ##$$a 978-979-29-1499-1 =040 ##$$a NBPDMAT =082 ##$$a 597 =090 ##$$a 639.32 $b Ghu c =100 ##$$a Ghufran M. H.Kordi K =245 1#$$a Cara gampang membudidayakan teripang /$c M.Ghufran H.Kordi =250 ##$$a Ed.1 =260 ##$$a Yogyakarta :$b Andi,$c 2010 =300 ##$$a xviii, 19 hlm. : $b ilus. ; $c 19x13 cm. =650 #4$$a Teripang =850 ##$$a NBPDMAT =084 ##$$a 597 GHU c =990 ##$$a 21402902 =990 ##$$a 21402903 =990 ##$$a 21402904 =990 ##$$a 21402905 =990 ##$$a 21402906 =990 ##$$a 21416147 =990 ##$$a 21416148 =990 ##$$a 21416149 =990 ##$$a 21416150 =990 ##$$a 21416151 =990 ##$$a 51800136 =990 ##$$a 21402902 =990 ##$$a 21402903 =990 ##$$a 21402904 =990 ##$$a 21402905 =990 ##$$a 21402906 =990 ##$$a 21416147 =990 ##$$a 21416148 =990 ##$$a 21416149 =990 ##$$a 21416150 =990 ##$$a 21416151 =990 ##$$a 51800136 =990 ##$$a 21402903 =990 ##$$a 21402902 =990 ##$$a 21402904 =990 ##$$a 21402905 =990 ##$$a 21402906 =990 ##$$a 21416147 =990 ##$$a 21416148 =990 ##$$a 21416149 =990 ##$$a 21416150 =990 ##$$a 21416151 =990 ##$$a 51800136 =990 ##$$a 21402904 =990 ##$$a 21402902 =990 ##$$a 21402903 =990 ##$$a 21402905 =990 ##$$a 21402906 =990 ##$$a 21416147 =990 ##$$a 21416148 =990 ##$$a 21416149 =990 ##$$a 21416150 =990 ##$$a 21416151 =990 ##$$a 51800136 =990 ##$$a 21402905 =990 ##$$a 21402902 =990 ##$$a 21402903 =990 ##$$a 21402904 =990 ##$$a 21402906 =990 ##$$a 21416147 =990 ##$$a 21416148 =990 ##$$a 21416149 =990 ##$$a 21416150 =990 ##$$a 21416151 =990 ##$$a 51800136 =990 ##$$a 21402906 =990 ##$$a 21402902 =990 ##$$a 21402903 =990 ##$$a 21402904 =990 ##$$a 21402905 =990 ##$$a 21416147 =990 ##$$a 21416148 =990 ##$$a 21416149 =990 ##$$a 21416150 =990 ##$$a 21416151 =990 ##$$a 51800136 =990 ##$$a 21416147 =990 ##$$a 21402902 =990 ##$$a 21402903 =990 ##$$a 21402904 =990 ##$$a 21402905 =990 ##$$a 21402906 =990 ##$$a 21416148 =990 ##$$a 21416149 =990 ##$$a 21416150 =990 ##$$a 21416151 =990 ##$$a 51800136 =990 ##$$a 21416149 =990 ##$$a 21402902 =990 ##$$a 21402903 =990 ##$$a 21402904 =990 ##$$a 21402905 =990 ##$$a 21402906 =990 ##$$a 21416147 =990 ##$$a 21416148 =990 ##$$a 21416150 =990 ##$$a 21416151 =990 ##$$a 51800136 =990 ##$$a 21416150 =990 ##$$a 21402902 =990 ##$$a 21402903 =990 ##$$a 21402904 =990 ##$$a 21402905 =990 ##$$a 21402906 =990 ##$$a 21416147 =990 ##$$a 21416148 =990 ##$$a 21416149 =990 ##$$a 21416151 =990 ##$$a 51800136 =990 ##$$a 21416151 =990 ##$$a 21402902 =990 ##$$a 21402903 =990 ##$$a 21402904 =990 ##$$a 21402905 =990 ##$$a 21402906 =990 ##$$a 21416147 =990 ##$$a 21416148 =990 ##$$a 21416149 =990 ##$$a 21416150 =990 ##$$a 51800136 =990 ##$$a 51800136 =990 ##$$a 21402902 =990 ##$$a 21402903 =990 ##$$a 21402904 =990 ##$$a 21402905 =990 ##$$a 21402906 =990 ##$$a 21416147 =990 ##$$a 21416148 =990 ##$$a 21416149 =990 ##$$a 21416150 =990 ##$$a 21416151